The appraisal of mineral-bearing properties (Record no. 18583)

MARC details
000 -LEADER
fixed length control field 01031cab a2200217 4500
001 - CONTROL NUMBER
control field A191
008 - FIXED-LENGTH DATA ELEMENTS--GENERAL INFORMATION
fixed length control field 090401t1974 xxu||||| |||| 00| 0 eng d
035 ## - SYSTEM CONTROL NUMBER
System control number (Sirsi) u27600
041 ## - LANGUAGE CODE
Language code of text/sound track or separate title eng
100 ## - MAIN ENTRY--PERSONAL NAME
Personal name Paschall, Robert H.
245 #4 - TITLE STATEMENT
Title The appraisal of mineral-bearing properties
260 ## - PUBLICATION, DISTRIBUTION, ETC.
Date of publication, distribution, etc. 1974
350 ## - PRICE (NR) (BK AM CF MU VM SE) [OBSOLETE]
Price 0
490 ## - SERIES STATEMENT
Series statement Valuation (ASA)
Volume/sequential designation October 1974, 2-9(8)
520 ## - SUMMARY, ETC.
Summary, etc. Petroleum and mining properties differ from other types of real property in that they suffer depletion and are essentially irreplaceable; their market is commonly regional, national or international rather than local; their value is consonant with the present worth of their `reserves`, and reserves estimation is a science; cost is not relevant to value, sales are rare and are not useful except for the extraction of capitalisation rates, and the income approach to value is therefore paramount.
650 ## - SUBJECT ADDED ENTRY--TOPICAL TERM
Topical term or geographic name entry element MINERAL VALUATION
690 ## - LOCAL SUBJECT ADDED ENTRY--TOPICAL TERM (OCLC, RLIN)
Topical term or geographic name as entry element MINING AND MINERALS
690 ## - LOCAL SUBJECT ADDED ENTRY--TOPICAL TERM (OCLC, RLIN)
Topical term or geographic name as entry element RATING AND VALUATION
942 ## - ADDED ENTRY ELEMENTS (KOHA)
Suppress in OPAC 0
948 ## - LOCAL PROCESSING INFORMATION (OCLC); SERIES PART DESIGNATOR (RLIN)
c (OCLC) 04/03/1997
Holdings
Withdrawn status Lost status Source of classification or shelving scheme Damaged status Not for loan Home library Current library Shelving location Date acquired Total Checkouts Full call number Barcode Date last seen Copy number Price effective from Koha item type
    Dewey Decimal Classification     London London Journal article 14/09/1999   A191 27600-1001 06/08/2019 1 06/08/2019 Journal article